Modern ways of improving knowledge of foreign languages for successful communication in condition of essential entertainment; Проблемы геологии и освоения недр; Т. 2

Bibliografiske detaljer
Parent link:Проблемы геологии и освоения недр=Problems of Geology and Subsurface Development: труды XXIV Международного симпозиума имени академика М. А. Усова студентов и молодых учёных, посвященного 75-летию Победы в Великой Отечественной войне, Томск, 6-10 апреля 2020 г./ Национальный исследовательский Томский политехнический университет, Инженерная школа природных ресурсов ; гл. ред. А. С. Боев ; под ред. Е. Ю. Пасечник.— , 2020
Т. 2.— 2020.— [С. 716-717]
Hovedforfatter: Kuzmenko A. S.
Institution som forfatter: Национальный исследовательский Томский политехнический университет Школа базовой инженерной подготовки Отделение иностранных языков
Andre forfattere: Mironova V. E. Veronika Evgenievna (научный руководитель)
Summary:Заглавие с экрана
Sprog:engelsk
Udgivet: 2020
Serier:Геология, горное и нефтегазовое дело (доклады на английском и немецком языках)
Проблемы межъязыковой профессиональной коммуникации в условиях глобализации
Fag:
Online adgang:http://earchive.tpu.ru/handle/11683/62902
Format: Electronisk Book Chapter
KOHA link:https://koha.lib.tpu.ru/cgi-bin/koha/opac-detail.pl?biblionumber=631758

MARC

LEADER 00000naa2a2200000 4500
001 631758
005 20231101133658.0
035 |a (RuTPU)RU\TPU\conf\33459 
035 |a RU\TPU\conf\33455 
090 |a 631758 
100 |a 20200916d2020 k y0rusy50 ba 
101 0 |a eng 
102 |a RU 
105 |a y z 100zy 
135 |a drgn ---uucaa 
181 0 |a i  
182 0 |a b 
200 1 |a Modern ways of improving knowledge of foreign languages for successful communication in condition of essential entertainment  |f A. S. Kuzmenko  |g sci. adv. V. E. Mironova 
203 |a Текст  |c электронный 
225 1 |a Геология, горное и нефтегазовое дело (доклады на английском и немецком языках) 
225 1 |a Проблемы межъязыковой профессиональной коммуникации в условиях глобализации 
230 |a 1 компьютерный файл (pdf; 826 Kb) 
300 |a Заглавие с экрана 
320 |a [Библиогр.: с. 717 (6 назв.)] 
461 1 |0 (RuTPU)RU\TPU\conf\32983  |t Проблемы геологии и освоения недр  |l Problems of Geology and Subsurface Development  |o труды XXIV Международного симпозиума имени академика М. А. Усова студентов и молодых учёных, посвященного 75-летию Победы в Великой Отечественной войне, Томск, 6-10 апреля 2020 г.  |o в 2 т.  |f Национальный исследовательский Томский политехнический университет, Инженерная школа природных ресурсов ; гл. ред. А. С. Боев ; под ред. Е. Ю. Пасечник  |d 2020 
463 1 |0 (RuTPU)RU\TPU\conf\32985  |t Т. 2  |v [С. 716-717]  |d 2020 
610 1 |a труды учёных ТПУ 
610 1 |a электронный ресурс 
610 1 |a совершенствование 
610 1 |a знания 
610 1 |a иностранные языки 
610 1 |a общение 
610 1 |a развлечения 
610 1 |a компьютерные игры 
610 1 |a социальные сети 
610 1 |a обучение 
700 1 |a Kuzmenko  |b A. S. 
702 1 |a Mironova  |b V. E.  |c linguist  |c Lecturer of Tomsk Polytechnic University  |f 1984-  |g Veronika Evgenievna  |2 stltpush  |4 727 
712 0 2 |a Национальный исследовательский Томский политехнический университет  |b Школа базовой инженерной подготовки  |b Отделение иностранных языков  |h 8029  |2 stltpush  |3 (RuTPU)RU\TPU\col\23510 
801 2 |a RU  |b 63413507  |c 20200925  |g RCR 
856 4 |u http://earchive.tpu.ru/handle/11683/62902 
942 |c BK